Statistics for Porsche pictures

Click here to take the quiz!

General Stats

  • This quiz has been taken 130 times
  • The average score is 6 of 11

Answer Stats

Answer% Correct
gt3
91%
gt3 rs
85%
carrera gt
78%
918 spyder
74%
gt2 rs
72%
macan gts
38%
cayman gt4
36%
911 turbo s
35%
cayenne gt
35%
911 r
18%
boxster spyder
8%

Score Distribution

Percentile by Number Answered

Percent of People with Each Score

Your Score History

You have not taken this quiz